Gender And Budgeting (Record no. 200)
[ view plain ]
| 000 -LEADER | |
|---|---|
| fixed length control field | 00493nam a22001337a 4500 |
| 008 - FIXED-LENGTH DATA ELEMENTS--GENERAL INFORMATION | |
| fixed length control field | 230602b xxu||||| |||| 00| 0 eng d |
| 020 ## - INTERNATIONAL STANDARD BOOK NUMBER | |
| International Standard Book Number | 9966702660 |
| 082 ## - DEWEY DECIMAL CLASSIFICATION NUMBER | |
| Classification number | 305.4209 |
| Item number | SID |
| 100 ## - MAIN ENTRY--PERSONAL NAME | |
| Titles and words associated with a name | Society For International Development |
| Dates associated with a name | 2007 |
| 245 ## - TITLE STATEMENT | |
| Title | Gender And Budgeting |
| Remainder of title | AA Gender Benefit Incidence Analysis Of Four Constituences |
| Statement of responsibility, etc. | 2007 Society For International Development, East Africa |
| 260 ## - PUBLICATION, DISTRIBUTION, ETC. (IMPRINT) | |
| Place of publication, distribution, etc. | Nairobi |
| Name of publisher, distributor, etc. | Society For International Development |
| Date of publication, distribution, etc. | 2007 |
| 300 ## - PHYSICAL DESCRIPTION | |
| Extent | 84 pages |
| 942 ## - ADDED ENTRY ELEMENTS (KOHA) | |
| Source of classification or shelving scheme | Dewey Decimal Classification |
| Koha item type | Books |
| Withdrawn status | Lost status | Source of classification or shelving scheme | Damaged status | Not for loan | Home library | Current library | Date acquired | Total Checkouts | Full call number | Barcode | Date last seen | Price effective from | Koha item type |
|---|---|---|---|---|---|---|---|---|---|---|---|---|---|
| Dewey Decimal Classification | Bunge Tower Library | Bunge Tower Library | 06/02/2023 | 305.4209 SID | 10015271 | 06/02/2023 | 06/02/2023 | Books |
